000 03109njm0a2200481 4500
001 RU\NLR\ONIZ\298217
005 20250708193818.0
035 _a(NLR Aleph) 021962432
071 0 0 _aС60-05123-4
090 _a13285187
_c13285187
100 _a20230529g19 |||y0rusy50 ca
102 _aRU
126 _aabbxexu ux
_bxxx
127 _a004000
200 1 _a[Поёт] Жанна Бичевская
_bЗвукозапись
_eсобирательница и исполнительница русских народных песен
203 _aМузыка
_bисполнительская
_cаудио
210 _aМосква
_cМелодия
_d[19--]
_gЗавод грампластинок
_eЛенинград
215 _a1 грп. [ГОСТ 5289-73] (40 мин) : 33 об/мин, стерео
_d30 см, в конв
327 1 _a1. Донская баллада ;
_a2. Казачья притча : (Сон Степана Разина) ;
_a3. Частушки ;
_a4. Куманёк ;
_a5. О чём задумался, служивый ;
_a6. Чёрный ворон ;
_a7. Окрасился месяц банрянцем ;
_a8. Матушки ;
_a9. Комарики ;
_a10. Цветик мой ;
_a11. Долюшка ;
_a12. Вы, сестрицы, поруженьки / исполняют: Ж. Бичевская, пение, гитара, В. Антоненко, скрипка (2, 5, 11), колокола (12)
464 0 _12001#$aДонская баллада
_tДонская баллада
464 0 _12001#$aКазачья притча$e(Сон Степана Разина)
_tКазачья притча
464 0 _12001#$aЧастушки
_tЧастушки
464 0 _12001#$aКуманёк
_tКуманёк
464 0 _12001#$aО чём задумался, служивый
_tО чём задумался, служивый
464 0 _12001#$aЧёрный ворон
_tЧёрный ворон
464 0 _12001#$aОкрасился месяц банрянцем
_tОкрасился месяц банрянцем
464 0 _12001#$aМатушки
_tМатушки
464 0 _12001#$aКомарики
_tКомарики
464 0 _12001#$aЦветик мой
_tЦветик мой
464 0 _12001#$aДолюшка
_tДолюшка
464 0 _12001#$aВы, сестрицы, поруженьки$gисполняют: Ж. Бичевская, пение, гитара, В. Антоненко, скрипка (2, 5, 11), колокола (12)
_tВы, сестрицы, поруженьки
606 1 _aРусские народные песни для голоса и гитары
_jЗвукозапись
_2nlr_sh
686 0 _aЩ943.4, 8(2)
686 0 _aЩ92(2Р=Рус)-4я43
700 1 _9z01790
_aБичевская
_bЖ.В.
_cпение
_f1944-
_gЖанна Владимировна
_4590
_4vwo
_7ca
790 1 _9z01700
_aBičevskaja
_bŽ.
_f1944-
_gŽanna
_4590
_4vwo
_7ba
801 0 _aRU
_bNLR
_c20230529
_gPSBO
801 1 _aRU
_bNLR
_c20230529
_2rusmarc
852 _aNLR
_bМг
_j3/9234
_p41795
_t1
942 _cREC
980 _aNB
980 _aONIZ